000 00449nam a2200169Ia 4500
005 20241111104323.0
008 240126s9999 xx 000 0 und d
020 _a9781847738202
082 _a641.637 NEW;1 R
100 _aNew Holland Publishers.
245 0 _aAuberge du chocolat : the secrets of fine chocolate making
260 _bNew Holland
_aLondon
_c2011
300 _a160
440 _aNULL
650 _aGourmet,game
942 _cPU
999 _c295306
_d295306